MARC

LEADER 00000nam0a2200000 4500
001 253851
005 20231101232900.0
010 |a 5020294128 
020 |a RU  |b 89-44977 
035 |a (RuTPU)RU\TPU\book\276266 
090 |a 253851 
100 |a 20140317d1989 k a0rusy5003 ca 
101 0 |a rus 
102 |a RU 
105 |a a z 001zy 
200 1 |a Инженерно-геокриологическое обеспечение строительства сооружений  |e сборник научных трудов  |f Академия наук СССР (АН СССР), Сибирское отделение (СО), Институт проблем освоения Севера (ИПОС) ; под ред. В. П. Мельникова, Я. Б. Горелика 
210 |a Новосибирск  |c Наука  |d 1989 
215 |a 135 с.  |c ил. 
320 |a Библиогр. в конце ст. 
606 1 |a Грунты мерзлые  |x Строительная механика  |2 stltpush  |3 (RuTPU)RU\TPU\subj\39203  |9 59392 
610 1 |a инженерно-геологические исследования 
610 1 |a нефтяные предприятия 
610 1 |a газовая промышленность 
610 1 |a постройка 
610 1 |a Западная Сибирь 
610 1 |a инженерно-геологическое обеспечение 
610 1 |a расчеты 
675 |a 624.139  |z rus 
702 1 |a Мельников  |b В. П.  |4 340 
702 1 |a Горелик  |b Я. Б.  |4 340 
712 0 2 |a Академия наук СССР (АН СССР)  |b Сибирское отделение (СО)  |b Институт проблем освоения Севера (ИПОС)  |c (Тюмень)  |2 stltpush  |3 (RuTPU)RU\TPU\col\14403 
801 0 |a RU  |b RuMRKP  |c 19960704  |g psbo 
801 1 |a RU  |b 63413507  |c 20140317 
801 2 |a RU  |b 63413507  |c 20140521  |g RCR 
942 |c BK